Statistics for Fast typing - Facial body parts

Click here to take the quiz!

General Stats

  • This quiz has been taken 26 times
  • The average score is 6 of 8

Answer Stats

Answer% Correct
Eye
100%
Nose
100%
Ear
92%
Mouth
83%
Chin
67%
Eyebrow
54%
Cheek
38%
Eyelash
25%

Score Distribution

Percentile by Number Answered

Percent of People with Each Score

Your Score History

You have not taken this quiz